01672nas a2200265 4500952009200000999001700092001001000109003001000119005001700129008004100146022001400187040004100201041000800242100004100250245010200291300006300393520068800456650003201144653002701176653001701203653001501220653001801235773014501253942000801398 001040708HEMaFUSBCbFUSBCcREVd2017-08-22l0r2017-08-22 00:00:00w2017-08-22yANA c63992d63992768714001CO-MdFUSB20170825130446.0170822s2017 ck ||||| |||| 00| 0 spa d a0120-3649 aCO-MdFUSBbspacCO-MdFUSBdCO-MdFUSB aspa aEspinosa Molina, Dumar Iváneautor aTrabajo e historicidad en la teología de Marie Dominique Chenuc/ Espinosa Molina, Dumar Iván aVolumen 67. Número 183 (2017), páginas 63-83c: 24 cm.1 aLa historia, elemento fundamental del cristianismo por la dinámica misma de la encarnación, fue relegada a un segundo plano por la teología abstracta de la neoescolástica. Contrariamente a tal teología, el padre Marie Dominique Chenu, O.P. (1895-1990) atiende al dato revelado y al nuevo contexto social en la predicación del Evangelio. Su teología crece en la tradición de la Iglesia al tiempo que se consciente de las problemáticas que aquejan a la sociedad industrializada. El artículo propone el concepto de "función concienciadora de la historicidad de la teología" como clave interpretativa de las investigaciones medievales y contemporáneas de Chenu. 09153aHistoria de la Iglesia aTeología del trabajo aHistoricidad aConciencia aEncarnación0 049424976096dBogotáoR1632tTheologica Xaverianaw(CO-MdFUSB)63x0120-3649gVolumen 67. Número 183 (2017), páginas 63-83qPágina 63 cANA